书目信息 |
| 题名: |
太平天国对外关糸史
|
|
| 作者: | 茅家琦 著 | |
| 分册: | ||
| 出版信息: | 北京 人民出版社 1984.11 |
|
| 页数: | 353页 | |
| 开本: | 20cm | |
| 丛书名: | ||
| 单 册: | ||
| 中图分类: | K254.3 | |
| 科图分类: | ||
| 主题词: | 中国--历史--1840~1949 | |
| 电子资源: | ||
| ISBN: | ||
| 000 | 00575nam0 2200205 45 | |
| 001 | 0312221749 | |
| 005 | 20040506105757.4 | |
| 010 | @dCNY1.40 | |
| 091 | @a11001.635 | |
| 100 | @a20031222d1984 km y0chiy0120 ea | |
| 101 | @achi | |
| 105 | @a z 000yy | |
| 200 | 1 | @a太平天国对外关糸史@ATai Ping Tian Guo Dui Wai Guan Mi Shi@f茅家琦著@FMao Jia Qi Zhu |
| 210 | @a北京@c人民出版社@d1984.11 | |
| 215 | @a353页@d20cm | |
| 606 | 0 | @a中国@x历史@z1840~1949 |
| 690 | @aK254.3@v3 | |
| 701 | 0 | @a茅家琦@4著 |
| 801 | @aCN@bTSTCL@c20031222 | |
| 905 | @dK254.3@e19@f1@b127273 | |
| 太平天国对外关糸史/茅家琦著.-北京:人民出版社,1984.11 |
| 353页;20cm |
| ISBN :CNY1.40 |
| ● |
| 相关链接 |
|
|
|
|
正题名:太平天国对外关糸史
索取号:K254.3/19
 
预约/预借
| 序号 | 登录号 | 条形码 | 馆藏地/架位号 | 状态 | 备注 |
| 1 | 0127273 | 001285709 | 第二借阅区/ [索取号:K254.3/19] | 在馆 | |
| 2 | 0127274 | 001285718 | 第二样本阅览室/ [索取号:K254.3/19] | 在馆 |